000 00727cam a22002414a 4500
008
020 _a9780750655521 (pbk.)
049 _aMAIN
090 0 _aTH7703
_bBEA
100 1 _aBean, Robert.
245 1 0 _aLighting :
_binterior and exterior /
_cRobert Bean.
260 _aAmsterdam :
_bElsevier/Architectural Press,
_cc2004.
300 _avi, 312 p. :
_bill. (plans) ;
_c24 cm.
504 _aIncludes bibliographical references.
500 _aIncludes index.
650 0 _aLighting.
650 0 _aLighting, Architectural and decorative.
907 _a.b10302967
_b02-10-12
_c27-10-11
003
005 20230123125338.0
040 _cNUST
942 _cBOOKS
_kTH7703
_mBEA
999 _c139939
_d139939